000 01094nam a22002897a 4500
001 BD-DhSAU 9032
003 BD-DhSAU
005 20190102115359.0
008 150612b2017 bg a||||r|||| 000 0 eng d
040 _aBD-DhSAU
082 _222
_a631.4
_bAl411
100 _aAli , Afrina
_4Registration No: 11-04666
245 _aEffect of Biochar on Growth, Yield and Quality of Potato /
_cAli , Afrina
_bMs Thesis
260 _aSher-e- Bangla Agricultural University :
_bDepartment of Soil science,
_c2017.
300 _aviii , 61 p. :
_bill. ,
_c30 cm.
500 _aMS thesis of Department of Soil Science, Faculty of Agriculture, Sher-e-Bangla Agricultural University, Dhaka, Bangladesh
504 _aIncludes bibliographical references.
590 _aShofi
650 _aSoil Science
650 _aEffect
650 _a Biochar
650 _aPotato
700 _a Paul , Alok Kumar
_eSupervisor
700 _a Hossain , Mohammad Mosharraf
_eCo-Supervisor
856 _uhttp://archive.saulibrary.edu.bd:8080/xmlui/handle/123456789/2030
_yOnline Access
942 _2ddc
_cTHESIS
999 _c14505
_d14504